000 00743nam a2200253 a 4500
999 _c5949
_d5949
001 5949
003 BD-JHcc
005 20171231111558.0
008 171231s1903 enk 000 1 eng d
035 _a(BD-JHcc)5949
035 _a(OCoLC)899619
040 _aBD-JHcc
_cBD-JHcc
_dm.c
041 _aeng
050 4 _aPR5363
_b.M3 1903 Copy 1
082 _a822.23
_bSHA 1903
100 1 _aShaw, Bernard,
_d1856-1950.
245 1 0 _aMan and superman :
_ba comedy and a philosophy /
_cby Bernard Shaw
260 _aLondon :
_bA. Constable,
_c1903
300 _axxxviii, 264 p. ;
_c19 cm
505 0 _aMan and superman.--The revolutionist's handbook.--Maxims for revolutionists
650 _aEnglish Drama
942 _2ddc
_cBK